Films Disney par images d'animaux #1 - Statistiques

Statistiques générales
  • Ce quiz a été pris 268 fois
  • Le résultat moyen est 14 sur 20
Statistiques - réponses
Par images Réponse % Correct
La Reine des neiges
97%
Aladdin
96%
Cendrillon
95%
La Petite Sirène
93%
Le Livre de la jungle
93%
Alice au pays des merveilles
89%
Zootopie
88%
Vaiana : La Légende du bout du monde
87%
Pinocchio
77%
Peter Pan
71%
Pocahontas : Une légende indienne
71%
La Belle au bois dormant
67%
Le Bossu de Notre-Dame
66%
Mulan
62%
Volt, star malgré lui
62%
Raya et le Dernier Dragon
48%
Oliver et Compagnie
43%
Basil, détective privé
42%
Taram et le Chaudron magique
26%
Avalonia : L'Étrange Voyage
10%
Aucun quiz correspondant
Distribution des résultats
% des personnes avec chaque résultat
Percentile par nombre de réponses
Votre historique - résultats
Vous n’avez pas pris ce quiz